000 01578cam a22004454i 4500
003 PE-LiUPU
005 20250731173441.0
008 150616s1962 sp r 000 0 spa d
035 _a(Sirsi) a5700
040 _aPE-LiUPU
_bspa
_cPE-LiUPU
_erda
049 _aPRUA
082 0 4 _a230
_bC74
_221
100 1 _aConway, Beltrand L.,
_eautor.
245 1 0 _aBuzón de preguntas.
264 1 _aMadrid :
_bEditorial razón y fe, S. A.,
_c1962.
300 _a486 páginas ;
_c17 centímetros
336 _atext
_2rdacontent
337 _aunmediated
_2rdamedia
338 _avolume
_2rdacarrier
505 0 _aDios, la religión, errores contra la religión -- Dios mal -- El alma, misterios, milagros -- La iglesia sus notas y propiedades -- Dificultades y respuestas -- El Papa -- Infalibilidad del Papa y de la iglesia Galileo.
526 _aSEG42
526 _aSEG41
526 _aSEG40
526 _aSEG39
526 _aP94
526 _aP87
526 _aP86
526 _aP85
526 _aP77
526 _aP76
526 _aP35
650 0 4 _aTeología Dogmatico.
910 _ajck
_bjvq
_cjck
942 _2ddc
_cBOOK
949 _a230 C74
_wDEWEY
_c1
_i39354
_lCCODEBUL1
_mBUL
_p30.00
_r0
_sY
_tBOOK
_u19951001
_xTEOLOGIA
_zUNKNOWN
_0COMPRA
_o.STAFF. Colección Teología
994 _aC0
_bPEPRU
596 _a1
999 _a230 C74
_wDEWEY
_c56758
_i39354
_f2021-11-11
_g5
_lCCODEBUL1
_mBUL
_p30.00
_r0
_sY
_tBOOK
_u2015-6-16
_xTEOLOGIA
_PP35
_0COMPRA
_o.STAFF. Colección Teología
_d56758
980 _81
_gALBERTO SANCHEZ Responsable de Automatización